Coal research projects : exploration, mining and preparation - update 1986.

Bibliographic Details
Corporate Author: IEA Coal Research
Format: Book
Language:English
Published: London : IEA Coal Research, [1986]
Subjects:

MARC

Tag First Indicator Second Indicator Subfields
LEADER 00000cam a2200000 a 4500
001 in00000009078
005 20151007051454.0
008 860508s1986 enk 00100 eng d
020 |a 9290291273 
035 |a (OCoLC)13544180 
035 |9 AAA3152AM 
040 |a TXA  |c TXA  |d m/c  |d TXA  |d UtOrBLW 
049 |a TXAM  |c [A10200853] 
050 4 |a TN802  |b .C672 1986 
245 0 0 |a Coal research projects :  |b exploration, mining and preparation - update 1986. 
264 1 |a London :  |b IEA Coal Research,  |c [1986] 
300 |a 53 pages ;  |c 30 cm. 
336 |a text  |b txt  |2 rdacontent 
337 |a unmediated  |b n  |2 rdamedia 
338 |a volume  |b nc  |2 rdacarrier 
500 |a Cover title. 
500 |a "April 1986." 
500 |a Includes indexes. 
500 |a "ICTIS/RES/08." 
650 0 |a Coal mines and mining  |x Research  |x Directories. 
710 2 |a IEA Coal Research. 
999 |a MARS 
999 f f |s 69c352ce-2ae5-3e8a-aad3-ee0e5f81df53  |i 767bb6f6-2cc3-33c2-94c8-0efa942645a7  |t 0 
952 f f |p ric  |a Texas A&M University  |b Rellis Campus  |c Joint Library Facility  |d Remote Storage  |t 0  |e TN802 .C672 1986  |h Library of Congress classification  |i unmediated -- volume  |m A14810200853 
998 f f |a TN802 .C672 1986  |t 0  |l Remote Storage